| 000 | 00000nam##2200000za#4500 |
| 001 | 9.530400 |
| 003 | CaOODSP |
| 005 | 20200401033428 |
| 007 | ta |
| 008 | 150406|1998||||xxc||||| f|0| 0 eng|d |
| 020 | |a0-660-60507-4 |
| 040 | |aCaOODSP|beng |
| 041 | |aeng |
| 041 | |afre |
| 043 | |an-cn--- |
| 086 | 1 |aBT31-2/1999-III-90 |
| 110 | 1 |aCanada. |bTreasury Board. |
| 245 | 10|aCanadian Centre for Management Development |
| 260 | |aOttawa - Ontario : |bTreasury Board of Canada Secretariat |c1998. |
| 300 | |aEnglish text, 32p. : |btables ; |c28 cm. |
| 490 | 1 |a1998-99 estimates, part III: Report on plans and priorities |
| 546 | |aBilingual |
| 563 | |aSoftcover |
| 590 | |a98-14|b1998-04-03 |
| 776 | 0#|tCanadian Centre for Management Development, report on plans and priorities 1998–99 for the period of 1998–99 to 2000–2001 |w(CaOODSP)9.567679 |
| 776 | 0#|tCentre canadien de gestion, rapport sur les plans et les priorités 1998-1999 pour la période 1998–1999 à 2000–2001 |w(CaOODSP)9.599010 |
| 792 | |tCentre canadien de gestion |efre|w(CaOODSP)9.530401 |
| 830 | #0|a1998-99 estimates, part III: Report on plans and priorities.|w(CaOODSP)9.508960 |